000 00434nam a2200181Ia 4500
005 20240823061711.0
008 240823s9999||||xx |||||||||||||| ||und||
041 _aENGLISH
082 _A658.562 Q7
100 _agayathri M S
245 0 _aTotal Quality Management
250 _a1st
260 _c2017
_bARS Publica
500 _aYES
650 _aTotal Quality Management
_bManagement Studies
942 _cBK
999 _c234148
_d234148